000 00682nam a22002057a 4500
003 BD-ChCU
005 20230525115230.0
008 230525b bg ||||| |||| 00| 0 ben d
020 _a9789849338758
040 _cBD-ChCU
050 _a22
082 _222
_a২০০.০৯ হাই ১ ধ
100 _91341
_aহাই,মোহাম্মদ আবদুল
245 _aধর্মের সহজপাঠ /
_cমোহাম্মদ আবদুল হাই
250 _a22
260 _aঢাকা :
_bসূচীপত্র,
_cc২০২১
300 _a৪৪১পূ. :
_c22
650 0 _91353
_aধর্ম-ইতিহাস
942 _2ddc
_cBK
_n0
999 _c102085
_d102085